Catálogo

Vista normal Vista MARC

Entrada Personal Name

Número de registros utilizados en: 1

001 - CONTROL NUMBER

  • control field: 17910

003 - CONTROL NUMBER IDENTIFIER

  • control field: DLC

005 - DATE AND TIME OF LATEST TRANSACTION

  • control field: 20260311122609.0

008 - FIXED-LENGTH DATA ELEMENTS

  • fixed length control field: 900312n| azannaabn |n aaa

010 ## - LIBRARY OF CONGRESS CONTROL NUMBER

  • LC control number: n 90619668

035 ## - SYSTEM CONTROL NUMBER

  • System control number: (OCoLC)oca02701825

040 ## - CATALOGING SOURCE

  • Original cataloging agency: DLC
  • Language of cataloging: spa
  • Transcribing agency: Mx-PuUPA
  • Modifying agency: OkU
  • Description conventions: rda
  • Modifying agency: ICU
  • Modifying agency: DLC
  • Modifying agency: Mx-PuUPA

046 ## - SPECIAL CODED DATES

  • Birth date: 1944

100 1# - HEADING--PERSONAL NAME

  • Personal name: Calvo, Thomas,
  • Dates associated with a name: 1944-

370 ## - ASSOCIATED PLACE

  • Place of birth: Mislata (España)
  • Source of term: naf

374 ## - OCCUPATION

  • Occupation: Autor

375 ## - GENDER

  • Gender: hombre

377 ## - ASSOCIATED LANGUAGE

  • Language code: spa

670 ## - SOURCE DATA FOUND

  • Source citation: Movimientos de población en el occidente de México, 1988:
  • Information found: t.p. (Thomas Calvo) p. 10 (Centre d'études mexicaines et centraméricaines)

670 ## - SOURCE DATA FOUND

  • Source citation: LC data base, 03-12-90
  • Information found: (hdg.: Calvo, Thomas)

670 ## - SOURCE DATA FOUND

  • Source citation: The Manila galleon, 2014:
  • Information found: t.p. verso (Thomas Calvo) p. 238 (b. 1944 in Mislata; prof. emeritus at Universite de Paris Ouest, Nanterre; researcher at El Colegio de Michoacan, Mexico; is correspondent member at Academia Mexicana de la Historia)